[Event "Open A"]
[Site "?"]
[Date "2008.08.24"]
[Round "3.13"]
[White "Macek, K."]
[Black "Skala, J."]
[Result "1/2-1/2"]
[WhiteElo "1959"]
[BlackElo "2084"]
[PlyCount "42"]
[EventDate "2008.08.22"]
[SourceDate "2008.08.24"]

1. d4 d5 2. c4 dxc4 3. Qa4+ Bd7 4. Qxc4 g6 5. Nf3 Bg7 6. g3 Nf6 7. Nc3 O-O 8.
Bg2 c6 9. e4 Qc8 10. O-O Bh3 11. Re1 Bxg2 12. Kxg2 e6 13. Be3 Nbd7 14. Rad1 Ng4
15. Bf4 e5 16. dxe5 Ngxe5 17. Nxe5 Nxe5 18. Bxe5 Bxe5 19. Rd3 Qc7 20. Red1 Rad8
21. Rxd8 Rxd8 1/2-1/2

[Event "Open A"]
[Site "?"]
[Date "2008.08.24"]
[Round "3.14"]
[White "Skacel"]
[Black "Skokan"]
[Result "1/2-1/2"]
[WhiteElo "2062"]
[BlackElo "1747"]
[PlyCount "65"]
[EventDate "2008.08.22"]
[SourceDate "2008.08.24"]

1. c4 e5 2. Nc3 b6 3. Nf3 Nc6 4. g3 g6 5. Bg2 Bg7 6. O-O Bb7 7. d3 Nge7 8. Bd2
O-O 9. Qc1 Nd4 10. Nxd4 Bxg2 11. Ne6 fxe6 12. Kxg2 d5 13. Bg5 Rf7 14. e4 c6 15.
Qc2 Qd7 16. Rad1 Raf8 17. Qe2 Kh8 18. Qg4 Ng8 19. Bc1 Nf6 20. Qe2 Nh5 21. Nb1
h6 22. b3 Qd8 23. f3 Kh7 24. Kg1 Bf6 25. Na3 Bg5 26. Bb2 d4 27. Nc2 c5 28. Kh1
Ng7 29. a3 a5 30. b4 axb4 31. axb4 Rb7 32. Ba3 Qc7 33. Rb1 1/2-1/2

[Event "Open A"]
[Site "?"]
[Date "????.??.??"]
[Round "3.15"]
[White "Soural, J."]
[Black "Matejovsky, O."]
[Result "1/2-1/2"]
[WhiteElo "2285"]
[BlackElo "2014"]
[PlyCount "36"]
[EventDate "2008.08.22"]
[SourceDate "2008.08.24"]

1. Nf3 d5 2. g3 Nf6 3. Bg2 Bf5 4. O-O e6 5. b3 Be7 6. Bb2 O-O 7. d3 c5 8. Nbd2
Nc6 9. h3 d4 10. c4 e5 11. Ne1 Qd7 12. Kh2 Bd6 13. e4 dxe3 14. fxe3 Bc7 15. Ne4
Nxe4 16. dxe4 Qxd1 17. Rxd1 Be6 18. Nd3 b6 1/2-1/2

[Event "OPEN A"]
[Site "?"]
[Date "2008.08.24"]
[Round "3.16"]
[White "Pataridis, J."]
[Black "Siktanc, P."]
[Result "1-0"]
[WhiteElo "2000"]
[BlackElo "2197"]
[PlyCount "29"]
[EventDate "2008.08.23"]
[SourceDate "2008.08.24"]

1. e4 e6 2. Nc3 d5 3. d4 Nf6 4. Bg5 dxe4 5. Bxf6 gxf6 6. Nxe4 f5 7. Ng3 c5 8.
Nf3 Nc6 9. Qd2 Qb6 10. O-O-O cxd4 11. Bc4 h5 12. Nxf5 Qc5 13. N3xd4 e5 14. Nxc6
Bxf5 15. Qd8+ 1-0

[Event "OPEN A"]
[Site "?"]
[Date "2008.08.24"]
[Round "3.17"]
[White "Mejzlik, O."]
[Black "Schmalz, M."]
[Result "1-0"]
[WhiteElo "2190"]
[BlackElo "1993"]
[PlyCount "57"]
[EventDate "2008.08.23"]
[SourceDate "2008.08.24"]

1. c4 Nf6 2. Nc3 d5 3. d4 g6 4. Nf3 Bg7 5. Bf4 c6 6. e3 Nbd7 7. Bd3 dxc4 8.
Bxc4 Nb6 9. Bd3 O-O 10. O-O Bg4 11. h3 Bxf3 12. Qxf3 Nbd5 13. Be5 Qa5 14. Rfc1
Rac8 15. a3 Nd7 16. Bxg7 Kxg7 17. b4 Qb6 18. Nxd5 cxd5 19. Qxd5 Nf6 20. Qe5 Qd6
21. Qxd6 exd6 22. Kf1 Nd5 23. Be4 Nc3 24. Bxb7 Rc7 25. Ba6 f5 26. Rc2 f4 27.
Rac1 fxe3 28. Rxc3 Rxf2+ 29. Kg1 1-0

[Event "OPEN A"]
[Site "?"]
[Date "2008.08.24"]
[Round "3.18"]
[White "Postupa, P."]
[Black "Cervenka, P."]
[Result "1-0"]
[WhiteElo "2139"]
[BlackElo "1985"]
[PlyCount "85"]
[EventDate "2008.08.23"]
[SourceDate "2008.08.24"]

1. e4 e6 2. d4 d5 3. e5 c5 4. c3 Nc6 5. Nf3 Qb6 6. Be2 cxd4 7. cxd4 Nh6 8. Nc3
Bd7 9. O-O Nf5 10. Na4 Qa5 11. Bd2 Bb4 12. Bxb4 Nxb4 13. Nc5 Nxd4 14. Qxd4 Nc2
15. Qd2 Qxd2 16. Nxd2 Nxa1 17. Rxa1 Rc8 18. Ncb3 Rc2 19. Rb1 Ba4 20. Bd3 Rc7
21. Kf1 f6 22. Re1 Kd7 23. Nd4 fxe5 24. Rxe5 Rc1+ 25. Ke2 Rg1 26. b3 Bc6 27. g3
Rh1 28. Nf1 a5 29. f4 h5 30. h4 Kd6 31. Kf2 Kc5 32. Nxc6 bxc6 33. Kg2 Kd4 34.
Kxh1 Kxd3 35. Rxe6 c5 36. Kg2 a4 37. Kf3 axb3 38. axb3 Rb8 39. Re3+ Kc2 40. Re5
Rxb3+ 41. Ne3+ Rxe3+ 42. Kxe3 d4+ 43. Ke4 1-0

[Event "OPEN A"]
[Site "?"]
[Date "2008.08.24"]
[Round "3.20"]
[White "Ruzicka, Z."]
[Black "Lacina, F."]
[Result "1-0"]
[WhiteElo "2107"]
[BlackElo "1949"]
[PlyCount "141"]
[EventDate "2008.08.23"]
[SourceDate "2008.08.24"]

1. e4 c5 2. Nf3 d6 3. d4 cxd4 4. Nxd4 Nf6 5. Nc3 g6 6. Bc4 Bg7 7. Bb3 O-O 8.
O-O Nc6 9. Nxc6 bxc6 10. Re1 e5 11. Bg5 h6 12. Bh4 g5 13. Bg3 Qe7 14. Qe2 Nd7
15. Rad1 Nb6 16. f3 Be6 17. Bf2 Rfd8 18. g4 Qb7 19. h4 d5 20. hxg5 hxg5 21.
exd5 cxd5 22. Bg3 f6 23. Bf2 Rd7 24. Ne4 Qc6 25. Nc5 Rad8 26. Nxd7 Rxd7 27. c3
Bf8 28. Rd2 a5 29. a3 a4 30. Ba2 Be7 31. Red1 Kf7 32. Kg2 Nc4 33. Bxc4 dxc4 34.
Rxd7 Bxd7 35. Kg3 e4 36. Rxd7 Qxd7 37. Qxc4+ Kg7 38. Qxe4 Bd6+ 39. Kg2 Be5 40.
Bd4 Bxd4 41. Qxd4 Qe6 42. Kf2 Qb3 43. c4 Qc2+ 44. Ke3 Qc1+ 45. Kf2 Qc2+ 46. Kg3
Qc1 47. c5 Qe1+ 48. Qf2 Qe5+ 49. Kg2 Qd5 50. Qc2 Qc6 51. Qc3 Kf7 52. Kf2 Ke6
53. Ke3 Kf7 54. Kd4 Kg7 55. Kc4 Kf7 56. Kb4 Kg7 57. Ka5 Kf7 58. b4 axb3 59.
Qxb3+ Kg7 60. Qc3 Qa8+ 61. Kb5 Qb7+ 62. Kc4 Qf7+ 63. Kd4 Qd7+ 64. Ke3 Qe6+ 65.
Kf2 Qc6 66. Qc4 Qb7 67. Qc2 Qa7 68. a4 Qc7 69. Kg2 Qc6 70. a5 Qb5 71. c6 1-0

[Event "Open A"]
[Site "?"]
[Date "2008.08.24"]
[Round "3.21"]
[White "Kaiser, R."]
[Black "Vevera, R."]
[Result "1/2-1/2"]
[WhiteElo "1960"]
[BlackElo "2090"]
[PlyCount "36"]
[EventDate "2008.08.23"]
[SourceDate "2008.08.24"]

1. e4 c5 2. d4 cxd4 3. c3 Nc6 4. cxd4 d5 5. Nc3 Nf6 6. e5 Ne4 7. Nf3 Bg4 8. Be2
e6 9. O-O Be7 10. h3 Bh5 11. Be3 O-O 12. Nd2 Bxe2 13. Qxe2 Nxd2 14. Qxd2 Rc8
15. f4 f5 16. Rac1 Na5 17. b3 Bb4 18. Qd3 a6 1/2-1/2

[Event "Open A"]
[Site "?"]
[Date "2008.08.24"]
[Round "3.23"]
[White "Framberk"]
[Black "Horyna"]
[Result "1-0"]
[WhiteElo "2054"]
[BlackElo "1941"]
[PlyCount "105"]
[EventDate "2008.08.22"]
[SourceDate "2008.08.24"]

1. e4 e6 2. d4 d5 3. e5 c5 4. Nf3 Nc6 5. c3 Qb6 6. Be2 cxd4 7. cxd4 Bb4+ 8. Kf1
Be7 9. b3 Bd7 10. Bb2 Rc8 11. Nc3 f6 12. Na4 Qc7 13. Rc1 Qb8 14. g3 fxe5 15.
Nxe5 Nxe5 16. dxe5 Rxc1 17. Qxc1 Nh6 18. Nc5 Qc7 19. Nxd7 Kxd7 20. Bb5+ Kd8 21.
Qxc7+ Kxc7 22. Ke2 Rc8 23. Rc1+ Kd8 24. Rxc8+ Kxc8 25. Bd3 g6 26. h3 Nf7 27. f4
Kc7 28. g4 Kc6 29. Ke3 b5 30. Bd4 a6 31. Kf3 Bc5 32. Ke3 Be7 33. g5 Ba3 34. h4
Bc5 35. Bxc5 Kxc5 36. a3 a5 37. h5 Nh8 38. h6 Nf7 39. a4 bxa4 40. bxa4 Kc6 41.
Kd4 Nd8 42. Bb5+ Kc7 43. Be2 Kb6 44. Bd3 Nc6+ 45. Kc3 Ne7 46. Bb5 Kc7 47. Kd4
Nf5+ 48. Kc5 Nh4 49. Bd3 Kd7 50. Kb6 Ng2 51. Bxg6 Nxf4 52. Bxh7 Ke7 53. g6 1-0

[Event "OPEN A"]
[Site "?"]
[Date "2008.08.24"]
[Round "3.24"]
[White "Benak, J."]
[Black "Vavrinec, T."]
[Result "0-1"]
[WhiteElo "1827"]
[BlackElo "2051"]
[PlyCount "184"]
[EventDate "2008.08.23"]
[SourceDate "2008.08.24"]

1. Nf3 Nf6 2. d4 c5 3. e3 g6 4. b3 Bg7 5. Bb2 Ne4 6. Bd3 d5 7. O-O Nd7 8. Nbd2
Ndf6 9. Ne5 Qa5 10. Nxe4 dxe4 11. Bc4 O-O 12. dxc5 Qxc5 13. Qd4 Qa5 14. b4 Qc7
15. Nxf7 Rxf7 16. Bxf7+ Kxf7 17. Qc3 Qxc3 18. Bxc3 Be6 19. Bd4 b6 20. Rfc1 Bc4
21. a4 Bf8 22. Rcb1 Nd7 23. b5 e5 24. Bc3 Rc8 25. Bb4 Bxb4 26. Rxb4 Rc5 27. Rd1
Ke6 28. Rd2 Bd5 29. Rb1 Rc4 30. Rbd1 Nf6 31. Ra1 Rb4 32. c3 Rb3 33. Rc1 Ra3 34.
g4 Bc4 35. g5 Nd5 36. Kg2 Rxa4 37. Kg3 Bxb5 38. c4 Bxc4 39. Rdc2 b5 40. h4 Nb4
41. Rxc4 bxc4 42. Rxc4 a5 43. Rc7 Nd5 44. Rxh7 Ne7 45. Rh8 Ra1 46. Kg2 Rb1 47.
Ra8 Rb5 48. Ra6+ Kf7 49. Rf6+ Kg7 50. Ra6 Rc5 51. Ra7 Kf7 52. Kg3 Ke6 53. Kg4
Rc1 54. Rxa5 Rg1+ 55. Kh3 Rh1+ 56. Kg4 Rg1+ 57. Kh3 Rd1 58. Ra6+ Rd6 59. Ra4
Kf5 60. Ra8 Rd2 61. Rf8+ Ke6 62. Rf6+ Kd7 63. Rf7 Rd6 64. Kg4 Ke8 65. Rh7 Kf8
66. Rh8+ Kg7 67. Ra8 Rd2 68. Ra7 Kf8 69. Ra4 Rxf2 70. Rxe4 Nc6 71. Rc4 Nd8 72.
Rc8 Ke7 73. Rc7+ Kf8 74. Rc8 Rd2 75. Kf3 Ke7 76. Ra8 Ke6 77. Ke4 Nf7 78. Re8+
Kd7 79. Rg8 Rd6 80. Ra8 Ke7 81. Ra7+ Ke6 82. Ra8 Rd8 83. Ra6+ Nd6+ 84. Kf3 Kf5
85. e4+ Nxe4 86. Ra7 Rd3+ 87. Kg2 Rg3+ 88. Kh2 Rg4 89. Rf7+ Ke6 90. Rh7 Nxg5
91. hxg5 Rxg5 92. Rh3 Rh5 0-1

[Event "Open A"]
[Site "?"]
[Date "2008.08.24"]
[Round "3.25"]
[White "Lizner, M."]
[Black "Vorackova, J."]
[Result "1-0"]
[WhiteElo "2050"]
[BlackElo "1905"]
[Annotator ",Jaroslav"]
[PlyCount "61"]
[EventDate "2008.08.23"]
[SourceDate "2008.08.24"]

1. e4 c6 2. d4 d5 3. e5 Bf5 4. Nc3 Qb6 5. g4 Bd7 6. h3 e6 7. Nge2 c5 8. Be3 Nc6
9. dxc5 Bxc5 10. Bxc5 Qxc5 11. f4 Nge7 12. Qd2 b5 13. O-O-O a5 14. Ne4 Qb6 15.
Nd6+ Kf8 16. Ng3 Na7 17. f5 Nec8 18. Nxc8 Rxc8 19. fxe6 Bxe6 20. Nf5 Nc6 21.
Nd6 Rb8 22. Qf4 b4 23. Nxf7 Bxf7 24. e6 Rb7 25. exf7 Rxf7 26. Qd6+ Re7 27. Bg2
Ke8 28. Bxd5 Qe3+ 29. Kb1 Nd4 30. Bc4 Rd7 31. Bb5 $1 1-0

[Event "OPEN A"]
[Site "?"]
[Date "2008.08.24"]
[Round "3.27"]
[White "Boucek, V."]
[Black "Halla, J."]
[Result "1/2-1/2"]
[WhiteElo "2017"]
[BlackElo "1834"]
[PlyCount "163"]
[EventDate "2008.08.23"]
[SourceDate "2008.08.24"]

1. e4 e6 2. d3 d5 3. Qe2 Be7 4. g3 Nf6 5. f3 c5 6. c3 Nc6 7. Nh3 b6 8. Nf2 Ba6
9. Qc2 e5 10. Be2 Qd7 11. O-O Rd8 12. Re1 O-O 13. Nd2 b5 14. Nf1 c4 15. dxc4
dxc4 16. Be3 Qc7 17. Rad1 Bc8 18. Kg2 a6 19. Rxd8 Nxd8 20. f4 Bc5 21. f5 Bxe3
22. Nxe3 Bb7 23. Bf3 Nd7 24. g4 Nc5 25. Rd1 f6 26. Nd5 Bxd5 27. Rxd5 Ndb7 28.
h4 Rd8 29. Qd2 Kf7 30. g5 Kg8 31. gxf6 gxf6 32. Ng4 Rf8 33. Nf2 Kh8 34. Qh6
Qg7+ 35. Qxg7+ Kxg7 36. Bd1 Rd8 37. Rxd8 Nxd8 38. Kf3 Ndb7 39. Bc2 Nd6 40. Nd1
Nc8 41. b4 Nd7 42. Ne3 Ndb6 43. Ke2 Nd6 44. Kd2 Kh6 45. Ng4+ Kg7 46. Kc1 Na8
47. h5 Nf7 48. a4 Nc7 49. Kd2 Nh6 50. Ne3 Nf7 51. Bd1 Ng5 52. Bc2 Nf7 53. Ng4
Nh6 54. Nf2 Nf7 55. Ke3 Kh6 56. Ng4+ Kg5 57. Bd1 Nh6 58. Nh2 Nf7 59. Nf3+ Kh6
60. Nd2 Kg5 61. Be2 Nd6 62. Bd1 Nxf5+ 63. exf5 Nd5+ 64. Kf3 Nxc3 65. Ne4+ Nxe4
66. Kxe4 bxa4 67. Bxa4 Kxh5 68. Bd7 c3 69. Kd3 Kg4 70. Bc8 c2 71. Kxc2 e4 72.
Bxa6 Kxf5 73. Be2 Ke5 74. b5 Kd5 75. Kd2 f5 76. Ke3 Ke5 77. Kf2 f4 78. Bh5 Kd5
79. Be8 Kc5 80. Ke2 h5 81. Bc6 h4 82. Bxe4 1/2-1/2

[Event "OPEN A"]
[Site "?"]
[Date "2008.08.24"]
[Round "3.28"]
[White "Vitous, M."]
[Black "Tejkal, J."]
[Result "1/2-1/2"]
[WhiteElo "1910"]
[BlackElo "2015"]
[PlyCount "34"]
[EventDate "2008.08.23"]
[SourceDate "2008.08.24"]

1. d4 Nf6 2. Nf3 g6 3. c4 Bg7 4. Nc3 O-O 5. g3 d6 6. Bg2 Nc6 7. O-O a6 8. e4
Rb8 9. Qe2 Bg4 10. Be3 Nd7 11. Qd2 e5 12. d5 Ne7 13. Ne1 Nb6 14. b3 Bc8 15. Nd3
f5 16. Rac1 Nd7 17. f4 b6 1/2-1/2

[Event "Open A"]
[Site "?"]
[Date "2008.08.24"]
[Round "3.29"]
[White "Hlavnicka, J."]
[Black "Groh, J."]
[Result "0-1"]
[WhiteElo "1954"]
[BlackElo "2184"]
[PlyCount "38"]
[EventDate "2008.08.22"]
[SourceDate "2008.08.24"]

1. e4 c5 2. Nf3 Nc6 3. d4 cxd4 4. Nxd4 Nf6 5. Nc3 g6 6. Be3 Bg7 7. f3 O-O 8.
Qd2 d5 9. exd5 Nb4 10. Bc4 Nbxd5 11. Bg5 Nxc3 12. Qxc3 Nd5 13. Qb3 Nb6 14.
O-O-O Bxd4 15. Bh6 e5 16. Kb1 Nxc4 17. Qxc4 Be6 18. Qb4 Re8 19. c3 Qb6 0-1

[Event "Open A"]
[Site "?"]
[Date "2008.08.24"]
[Round "3.30"]
[White "Feierfeil, J."]
[Black "Drabek"]
[Result "0-1"]
[WhiteElo "1947"]
[BlackElo "2157"]
[PlyCount "90"]
[EventDate "2008.08.23"]
[SourceDate "2008.08.24"]

1. d4 Nf6 2. Nf3 g6 3. Bf4 Bg7 4. e3 c5 5. c3 cxd4 6. exd4 O-O 7. Nbd2 d6 8.
Be2 Nc6 9. O-O Re8 10. Qc2 e5 11. dxe5 dxe5 12. Bg5 Qc7 13. Bxf6 Bxf6 14. Ne4
Bg7 15. Rac1 h6 16. Bd3 Kh7 17. Ng3 f5 18. Nd2 e4 19. Ndxe4 fxe4 20. Bxe4 Ne7
21. h4 Be5 22. h5 Rg8 23. hxg6+ Nxg6 24. Nf5 Bxf5 25. Bxf5 Rg7 26. Qe4 Bf4 27.
Rcd1 Rag8 28. Rfe1 Kh8 29. Bxg6 Rxg6 30. Qd4+ Kh7 31. Qe4 R8g7 32. Rd5 Bg5 33.
Red1 Qf4 34. Qxf4 Bxf4 35. g3 Bc7 36. Rd7 Rxd7 37. Rxd7+ Rg7 38. Rd5 Bb6 39.
Kg2 Re7 40. Rd2 Kg7 41. c4 Bc5 42. b3 a5 43. a4 b6 44. Rd3 Kf6 45. g4 Re2 0-1

[Event "OPEN A"]
[Site "?"]
[Date "2008.08.24"]
[Round "3.32"]
[White "Hampel, R."]
[Black "Stepanek, S."]
[Result "1/2-1/2"]
[WhiteElo "1826"]
[BlackElo "2044"]
[PlyCount "45"]
[EventDate "2008.08.23"]
[SourceDate "2008.08.24"]

1. e4 e5 2. Nf3 Nc6 3. d4 exd4 4. Bc4 Nf6 5. O-O Be7 6. e5 Ng4 7. Re1 d6 8. e6
d5 9. exf7+ Kxf7 10. Bb3 Na5 11. h3 Nxb3 12. axb3 Nf6 13. Ne5+ Kf8 14. Qxd4 Rg8
15. Nc3 c6 16. Bg5 Qc7 17. Qh4 Bf5 18. Rac1 h6 19. Qf4 Qc8 20. Bxf6 Bxf6 21. g4
Bh7 22. Kh2 Qd8 23. Qb4+ 1/2-1/2

[Event "Open A"]
[Site "?"]
[Date "2008.08.24"]
[Round "3.33"]
[White "Rutter, L."]
[Black "Hadrava, J."]
[Result "0-1"]
[WhiteElo "1893"]
[BlackElo "2011"]
[PlyCount "94"]
[EventDate "2008.08.22"]
[SourceDate "2008.08.24"]

1. e4 d5 2. exd5 Qxd5 3. Nc3 Qd6 4. d4 Nf6 5. Nf3 a6 6. Be2 Bg4 7. O-O Nc6 8.
Be3 e6 9. Qd2 Be7 10. Rfd1 Bxf3 11. Bxf3 O-O-O 12. Ne2 Nd5 13. c4 Nxe3 14. fxe3
Bg5 15. Qc3 Qb4 16. Rac1 Qb6 17. c5 Qa7 18. b4 Nxb4 19. Qxb4 Bxe3+ 20. Kh1 Bxc1
21. Rxc1 c6 22. Nc3 a5 23. Qa4 g6 24. Ne4 Rd7 25. Rb1 Kd8 26. Nd6 Ke7 27. Qc4
Rhd8 28. Re1 Kf8 29. Qe2 Rxd6 30. cxd6 Rxd6 31. Kg1 Qxd4+ 32. Kf1 b5 33. Rb1
Qc3 34. Qe1 Qc4+ 35. Qe2 Qf4 36. g3 Qf5 37. Qe4 Qxe4 38. Bxe4 Ke7 39. Ke2 f5
40. Bf3 e5 41. Ke3 e4 42. Be2 Ke6 43. g4 Ke5 44. gxf5 gxf5 45. Rf1 b4 46. Rc1
f4+ 47. Kf2 f3 0-1

[Event "OPEN A"]
[Site "?"]
[Date "2008.08.24"]
[Round "3.35"]
[White "Urban, M."]
[Black "Lacha, J."]
[Result "1/2-1/2"]
[WhiteElo "1875"]
[BlackElo "1979"]
[PlyCount "39"]
[EventDate "2008.08.23"]
[SourceDate "2008.08.24"]

1. e4 d5 2. exd5 Qxd5 3. Nc3 Qd6 4. d4 Nf6 5. Nf3 a6 6. g3 b5 7. Bg2 Bb7 8. O-O
e6 9. Bf4 Qb6 10. Ne5 Bxg2 11. Kxg2 Qb7+ 12. Qf3 Qxf3+ 13. Nxf3 Bd6 14. Be5
Nbd7 15. Rfe1 O-O 16. Ne4 Nxe4 17. Rxe4 Rfd8 18. c3 Bxe5 19. Nxe5 Nxe5 20. Rxe5
1/2-1/2

[Event "Open A"]
[Site "?"]
[Date "2008.08.24"]
[Round "3.36"]
[White "Moravec, V."]
[Black "Kyselka, D."]
[Result "1-0"]
[WhiteElo "1966"]
[BlackElo "1802"]
[PlyCount "53"]
[EventDate "2008.08.23"]
[SourceDate "2008.08.24"]

1. e4 c5 2. Nc3 d6 3. g3 g6 4. Bg2 Bg7 5. f4 e6 6. Nf3 Nc6 7. d3 Nge7 8. O-O
O-O 9. Rb1 Qd7 10. Be3 Nd4 11. e5 Nef5 12. Bf2 Nxf3+ 13. Bxf3 Nd4 14. Bg2 dxe5
15. fxe5 Bxe5 16. Ne4 f5 17. Nxc5 Qc7 18. b4 a5 19. c3 Nb5 20. d4 Nxc3 21. Qd3
axb4 22. Rxb4 Nxa2 23. Rc4 b5 24. Bxa8 bxc4 25. Qxc4 Qa5 26. dxe5 Nc3 27. Bf3
1-0

[Event "Open A"]
[Site "?"]
[Date "2008.08.24"]
[Round "3.37"]
[White "Pospisil"]
[Black "Havrlik"]
[Result "0-1"]
[WhiteElo "1758"]
[BlackElo "1965"]
[Annotator "Øeøábek,Jaroslav"]
[PlyCount "61"]
[EventDate "2008.08.22"]
[SourceDate "2008.08.24"]

1. d4 d5 2. Bf4 e6 3. e3 Bd6 4. Bg3 h5 5. Nf3 h4 6. Bxd6 Qxd6 7. c3 Nd7 8. Nbd2
e5 9. dxe5 Nxe5 10. Nxe5 Qxe5 11. Nf3 Qd6 12. Qd4 Nf6 13. Bd3 Kf8 14. O-O-O c5
15. Qa4 Bd7 16. Qc2 Qc7 17. Nd2 c4 18. Bf5 Bxf5 19. Qxf5 Rh5 20. Qf4 Qxf4 21.
exf4 Ng4 22. Rdf1 h3 23. g3 Re8 24. f3 Ne3 25. Re1 Rh6 26. Re2 Ng2 27. Rxe8+
Kxe8 28. Rd1 Re6 29. Nf1 Ne1 30. Rxd5 Nd3+ 31. Kd2 {dale necitelne} 0-1

[Event "OPEN A"]
[Site "?"]
[Date "2008.08.24"]
[Round "3.38"]
[White "Vesecky, M."]
[Black "Havlicek, P."]
[Result "1/2-1/2"]
[WhiteElo "1957"]
[BlackElo "1601"]
[PlyCount "50"]
[EventDate "2008.08.23"]
[SourceDate "2008.08.24"]

1. e4 e5 2. Nf3 Nc6 3. Bb5 a6 4. Ba4 Bc5 5. O-O b5 6. Bb3 d6 7. h3 Nf6 8. Re1
O-O 9. c3 h6 10. d4 Bb6 11. Bc2 Bb7 12. d5 Ne7 13. Nbd2 Bc8 14. Nf1 Ng6 15. Ng3
Bd7 16. Be3 Bxe3 17. fxe3 Qc8 18. Nf5 Kh7 19. Nh2 Qd8 20. Qf3 Ng8 21. Rf1 Qg5
22. Rf2 Nh4 23. Qg4 Qxg4 24. Nxg4 Nxf5 25. exf5 f6 1/2-1/2

[Event "OPEN A"]
[Site "?"]
[Date "2008.08.24"]
[Round "3.39"]
[White "Zvara, D."]
[Black "Havelka, P."]
[Result "1/2-1/2"]
[WhiteElo "1802"]
[BlackElo "1957"]
[PlyCount "40"]
[EventDate "2008.08.23"]
[SourceDate "2008.08.24"]

1. e4 d5 2. exd5 Qxd5 3. d4 Nf6 4. c4 Qd8 5. Nc3 c6 6. Nf3 Bg4 7. Be2 e6 8. O-O
Be7 9. Be3 O-O 10. Qb3 Qc7 11. h3 Bh5 12. Rfd1 Nbd7 13. Rac1 Qb6 14. Qxb6 Nxb6
15. d5 Bxf3 16. Bxf3 Nxc4 17. dxc6 bxc6 18. Bxc6 Nxe3 19. fxe3 Rab8 20. b3 Rfc8
1/2-1/2

[Event "Open A"]
[Site "?"]
[Date "2008.08.24"]
[Round "3.40"]
[White "Sedivy, O."]
[Black "Beil, M."]
[Result "0-1"]
[WhiteElo "1638"]
[BlackElo "2208"]
[PlyCount "86"]
[EventDate "2008.08.22"]
[SourceDate "2008.08.24"]

1. c4 Nf6 2. Nc3 g6 3. Nf3 Bg7 4. d4 O-O 5. e4 d6 6. Be2 Nbd7 7. O-O e5 8. Bg5
h6 9. Bh4 g5 10. Bg3 Nh5 11. dxe5 dxe5 12. Qc2 Nf4 13. Rad1 c6 14. Rd2 Qc7 15.
Rfd1 Re8 16. Ne1 Nf8 17. f3 N8e6 18. Bf2 Nd4 19. Bxd4 exd4 20. Na4 Be5 21. Bf1
d3 22. Bxd3 Nxd3 23. Rxd3 Bxh2+ 24. Kf1 b6 25. b3 Be6 26. Nc3 Be5 27. Ne2 f5
28. R3d2 Qf7 29. Nd3 Bg7 30. Nf2 c5 31. Nc3 g4 32. Nb5 gxf3 33. gxf3 fxe4 34.
fxe4 Rf8 35. Ke1 Be5 36. Nd6 Qg7 37. Nf5 Bxf5 38. exf5 Bc3 39. Kf1 Bxd2 40.
Rxd2 Rae8 41. Qd3 Kh8 42. Qh3 Re5 43. Rd6 Rexf5 0-1

[Event "Open A"]
[Site "?"]
[Date "2008.08.24"]
[Round "3.41"]
[White "Rmoutil, M."]
[Black "Berg, A."]
[Result "1/2-1/2"]
[WhiteElo "1988"]
[BlackElo "1914"]
[PlyCount "77"]
[EventDate "2008.08.22"]
[SourceDate "2008.08.24"]

1. e4 Nf6 2. Nc3 d5 3. e5 d4 4. exf6 dxc3 5. fxe7 cxd2+ 6. Bxd2 Bxe7 7. Bd3 Be6
8. Ne2 Bd5 9. Nf4 Bc6 10. O-O Nd7 11. Qg4 O-O 12. Nh5 Bf6 13. Bh6 Ne5 14. Qf5
Nxd3 15. Nxf6+ Qxf6 16. Qxf6 gxf6 17. Bxf8 Nf4 18. Bh6 Nxg2 19. h3 Kh8 20. Kh2
Nh4 21. Bf4 Rg8 22. f3 Nxf3+ 23. Rxf3 Bxf3 24. Rg1 Rxg1 25. Kxg1 c6 26. Bh6 Kg8
27. Kf2 Be4 28. c3 f5 29. Be3 a6 30. Bd4 Kf8 31. Bf6 Ke8 32. Ke3 c5 33. Kf4 Kd7
34. Ke5 Kc6 35. Bg5 b5 36. b4 c4 37. Bf4 Kd7 38. Kf6 Kc6 39. Ke5 1/2-1/2

[Event "OPEN A"]
[Site "?"]
[Date "2008.08.24"]
[Round "3.42"]
[White "Chromovsky, H."]
[Black "Hronik, P."]
[Result "1/2-1/2"]
[WhiteElo "1804"]
[BlackElo "1954"]
[PlyCount "115"]
[EventDate "2008.08.23"]
[SourceDate "2008.08.24"]

1. c4 Nf6 2. Nc3 g6 3. g3 Bg7 4. Bg2 O-O 5. d4 d6 6. Nf3 Re8 7. e4 b6 8. O-O
Bb7 9. Re1 Nbd7 10. e5 dxe5 11. dxe5 Ng4 12. e6 fxe6 13. Rxe6 Nc5 14. Qe2 Qd7
15. Ng5 Bxg2 16. Kxg2 Nxe6 17. Nxe6 Bxc3 18. bxc3 Nf6 19. Bh6 Qc6+ 20. Kg1 Rac8
21. Re1 Rb8 22. g4 a6 23. h4 b5 24. h5 Qxc4 25. Qxc4 bxc4 26. Nxc7 Nxg4 27.
Nxe8 Rxe8 28. Bg5 h6 29. f3 hxg5 30. fxg4 gxh5 31. gxh5 Kf7 32. Re5 Kf6 33. Rc5
Rd8 34. Rxc4 Rd1+ 35. Kg2 Rd2+ 36. Kg3 Rxa2 37. Rc6+ e6 38. h6 Re2 39. Rxa6
Re3+ 40. Kg2 Rxc3 41. h7 Rc8 42. Kg3 Kf5 43. Ra7 Rh8 44. Rf7+ Kg6 45. Re7 Rxh7
46. Rxe6+ Kf5 47. Re8 Rf7 48. Re1 Ra7 49. Rf1+ Kg6 50. Rf3 Kh5 51. Rd3 Ra4 52.
Rc3 Rg4+ 53. Kh3 Rg1 54. Kh2 Rf1 55. Kg3 Rf5 56. Rc4 Ra5 57. Rc3 g4 58. Rd3
1/2-1/2

[Event "Open A"]
[Site "?"]
[Date "2008.08.24"]
[Round "3.43"]
[White "Bernath, S."]
[Black "Machalik, M."]
[Result "1-0"]
[WhiteElo "1952"]
[BlackElo "1877"]
[PlyCount "43"]
[EventDate "2008.08.22"]
[SourceDate "2008.08.24"]

1. e4 e6 2. d4 d5 3. Nd2 c5 4. exd5 exd5 5. Bb5+ Nc6 6. Qe2+ Qe7 7. dxc5 Qxe2+
8. Nxe2 Bxc5 9. c3 Nf6 10. O-O O-O 11. Nb3 Bb6 12. Bf4 Bf5 13. Ng3 Bg6 14. Bd6
Rfe8 15. Bc5 Bxc5 16. Nxc5 a6 17. Bxc6 bxc6 18. Rfe1 a5 19. f3 Rab8 20. b3 Nh5
21. Ne2 Nf6 22. Nd4 {dale necitelne...} 1-0

[Event "Open A"]
[Site "?"]
[Date "2008.08.24"]
[Round "3.44"]
[White "Lexa, V."]
[Black "Hlina, M."]
[Result "0-1"]
[WhiteElo "1937"]
[BlackElo "1783"]
[PlyCount "58"]
[EventDate "2008.08.22"]
[SourceDate "2008.08.24"]

1. d4 d5 2. c4 c6 3. Nf3 Nf6 4. e3 e6 5. Nc3 Bd6 6. Bd3 Nbd7 7. O-O O-O 8. Qc2
b6 9. e4 dxe4 10. Nxe4 Be7 11. Bf4 c5 12. Rad1 Bb7 13. Nxf6+ Nxf6 14. dxc5 Qc8
15. cxb6 axb6 16. Ne5 Rxa2 17. Bg5 Rd8 18. Bxh7+ Nxh7 19. Bxe7 Rxd1 20. Rxd1
Qa8 21. h3 Ra1 22. Rxa1 Qxa1+ 23. Kh2 Qe1 24. Nd3 Qe4 25. f3 Qd4 26. c5 bxc5
27. Bxc5 Qd5 28. Be7 f6 29. Qe2 Ba6 0-1

[Event "OPEN B"]
[Site "?"]
[Date "2008.08.24"]
[Round "3.1"]
[White "Fiala, J."]
[Black "Kalvach, L."]
[Result "0-1"]
[WhiteElo "1658"]
[BlackElo "1881"]
[PlyCount "128"]
[EventDate "2008.08.23"]
[SourceDate "2008.08.24"]

1. e4 d6 2. d4 Nf6 3. Bd3 e5 4. c3 Be7 5. Nf3 Nbd7 6. O-O O-O 7. Re1 c6 8. h3
a6 9. Nbd2 b5 10. a4 Bb7 11. b4 Qc7 12. Qb3 Nb6 13. a5 Nbd7 14. dxe5 dxe5 15.
c4 c5 16. cxb5 axb5 17. Bxb5 cxb4 18. Bxd7 Nxd7 19. Qc4 Rfc8 20. Qxc7 Rxc7 21.
Bb2 Rc2 22. Rec1 Rac8 23. Rxc2 Rxc2 24. a6 Ba8 25. Rc1 Rxc1+ 26. Bxc1 f6 27.
Ne1 Nc5 28. f3 Nxa6 29. Nb3 Nc5 30. Nxc5 Bxc5+ 31. Kf1 Bc6 32. Nd3 Bb5 33. Ke2
Bd4 34. Kd2 Bc3+ 35. Ke3 b3 36. Bb2 Ba5 37. g3 Kf7 38. Nc1 Bc4 39. Nd3 g6 40.
f4 Bb6+ 41. Kd2 exf4 42. Nxf4 Ba5+ 43. Ke3 Be1 44. g4 Bf1 45. Kf3 Bc4 46. Nd5
Bh4 47. Ne3 Be6 48. Ng2 Bg5 49. Nf4 Bc4 50. Ne2 Ke6 51. Nf4+ Kd6 52. Kg3 Ke7
53. Nd5+ Bxd5 54. exd5 Kd6 55. h4 Bd2 56. Kf3 f5 57. gxf5 gxf5 58. Ke2 Bb4 59.
Ke3 Kxd5 60. Kf4 Ke6 61. Kg5 Bd2+ 62. Kh5 Kd5 63. Bc1 Bc3 64. Kg5 Ke4 0-1

[Event "Open B"]
[Site "?"]
[Date "2008.08.24"]
[Round "3.2"]
[White "Rut, V."]
[Black "Rubes, Z."]
[Result "1/2-1/2"]
[WhiteElo "1649"]
[BlackElo "1757"]
[PlyCount "67"]
[EventDate "2008.08.22"]
[SourceDate "2008.08.24"]

1. e4 c6 2. d4 d5 3. e5 Bf5 4. h4 h6 5. g4 Bh7 6. Be3 e6 7. c3 Nd7 8. f4 Be4 9.
Rh2 Qb6 10. Nf3 O-O-O 11. Nbd2 f5 12. g5 g6 13. b4 Bxf3 14. Nxf3 h5 15. Rb2 Rh7
16. a4 a5 17. Qd2 axb4 18. cxb4 Nb8 19. b5 cxb5 20. Rc1+ Rc7 21. Rxc7+ Kxc7 22.
a5 Qa7 23. Bxb5 Ne7 24. Rc2+ Nec6 25. Qc3 Na6 26. Bd2 Rc8 27. Bxc6 Bb4 28. Qb2
Bxd2+ 29. Nxd2 bxc6 30. Nb3 Rb8 31. Qc3 Qb7 32. Nc5 Nxc5 33. Qxc5 Qb4+ 34. Ke2
1/2-1/2